000 00361cam a2200145ua 4500
041 _aeng
_h
082 _a821
_bHAL/PO
100 _aHall, Arthur .
245 _aPoems of today: Second series /
_cArthur Hall.
_hTextual Documents
260 _aLondon :
_bEnglish Association ,
_c1959.
300 _a206 ; .
504 _a
942 _cBK
999 _c6023
_d6023